| 000 | 01346nam a22002297a 4500 | ||
|---|---|---|---|
| 005 | 20230412115202.0 | ||
| 008 | 230412b ||||| |||| 00| 0 eng d | ||
| 020 | _a9789356346413 | ||
| 040 | _cAL | ||
| 041 | _aEnglish | ||
| 082 |
_223 _a378.02 _bOSWN |
||
| 100 |
_aOswaal Books _986937 |
||
| 245 | _aNTA CUET (UG) 10 Mock Test Papers: Economics | ||
| 260 |
_aAgra _bOswaal Books and Learning Pvt Ltd _c2023 |
||
| 300 |
_a88 p. _bPB _c27x18 cm. |
||
| 365 |
_a176 _b₹159 _c₹ _d₹199.00 _e20% _f7-4-2023 |
||
| 521 |
_a• Crisp Revision with On-Tips Notes & Mind Maps
• 100% Exam Readiness with Latest Solved Papers ( Slot 1 & 2 )-NTA 2022
• Extensive Practice with 10 Solved Sample Question Papers with 50 MCQs
• Valuable Exam Insights<with NCERT-based MCQs
• Concept Clarity with 450+ Explanations & Smart Answer Key _bTable of contents 18th August 2022 Sample Question Paper - 1 Sample Question Paper - 2 Sample Question Paper - 3 Sample Question Paper - 4 Sample Question Paper - 5 Sample Question Paper - 6 Sample Question Paper - 7 Sample Question Paper - 8 Sample Question Paper - 9 Sample Question Paper - 10 Preface Contents Syllabus |
||
| 650 |
_aCommon University Entrance Test _986860 |
||
| 650 |
_aSection II (Domain Specific Subject) _986861 |
||
| 700 |
_aOSWAAL BOOKS _986862 |
||
| 942 |
_2ddc _cBK |
||
| 999 |
_c227177 _d227177 |
||